000 00366nam a22001577a 4500
005 20160613164742.0
008 160613b xxu||||| |||| 00| 0 eng d
041 _aeng
082 _b7297
100 _aAhuja, B.N. & Chalabra, S.S.
_91795
245 _aCommunications
260 _bSurjeet Publications
300 _a199
650 _aManagement
_9241
942 _cBK
999 _c2559
_d2558